[Event "5th Asia-ch"]
[Site "Hyderabad IND"]
[Date "2005.10.06"]
[Round "1"]
[White "Venkatesh, M. R."]
[Black "Pg Mohd Omar, Ak Hira."]
[Result "1-0"]
[WhiteElo "2431"]
[BlackElo "2194"]
[EventDate "2005.10.05"]
[PlyCount "76"]

1.e4 c5 2.Nf3 Nc6 3.d4 cxd4 4.Nxd4 Nf6 5.Nc3 d6 6.Bg5 e6 7.Qd2 a6 8.O-O-O 
Bd7 9.f3 Be7 10.Be3 h5 11.Kb1 b5 12.Nxc6 Bxc6 13.Ne2 e5 14.Nc3 O-O 15.Be2 
b4 16.Nd5 Nxd5 17.exd5 Bb5 18.Bxb5 axb5 19.Qxb4 Ra4 20.Qb3 Qa5 21.Bd2 Qa6 
22.a3 Bd8 23.Rhe1 Bb6 24.Bb4 Bc5 25.c3 Rc8 26.Rc1 Qb6 27.Qd1 Bf2 28.Re2 
Be3 29.Rcc2 Rca8 30.Qd3 Bg5 31.Re1 Qa6 32.Qf5 Bd8 33.Qxh5 Ba5 34.Re4 Bxb4 
35.Rh4 Kf8 36.cxb4 Rxa3 37.Qh8+ Ke7 38.Rc7+ Kf6 1-0

[Event "5th Asia-ch"]
[Site "Hyderabad IND"]
[Date "2005.10.07"]
[Round "2"]
[White "Konguvel, Ponnuswamy"]
[Black "Ramu, K."]
[Result "1-0"]
[WhiteElo "2390"]
[BlackElo "2259"]
[EventDate "2005.10.05"]
[PlyCount "81"]

1.e4 c5 2.Nf3 e6 3.d4 cxd4 4.Nxd4 a6 5.c4 Nf6 6.Nc3 Qc7 7.a3 b6 8.Be3 Bb7 
9.f3 d6 10.Be2 Nbd7 11.O-O Be7 12.Rc1 Rc8 13.Kh1 O-O 14.b4 Qb8 15.Qd2 Bd8 
16.Rc2 Bc7 17.Bg1 Kh8 18.Rb1 Qa8 19.a4 Rg8 20.Nb3 g5 21.a5 g4 22.axb6 gxf3
23.Bxf3 Bxb6 24.Bxb6 Nxb6 25.Qd4 Nd7 26.Na5 Ne5 27.c5 Nfd7 28.Qxd6 Bc6 29.
Qd4 Rg7 30.Rd2 Qb8 31.Qd6 Qa8 32.Rbd1 h6 33.Rd4 Bb7 34.Qe7 Rc7 35.Rxd7 
Rxd7 36.Rxd7 Nxd7 37.Qxd7 Bc8 38.Qd8+ Rg8 39.Qf6+ Rg7 40.e5 Qb8 41.Nc6 1-0

[Event "5th Asia-ch"]
[Site "Hyderabad IND"]
[Date "2005.10.07"]
[Round "2"]
[White "Sareen, Vishal"]
[Black "Ganguly, Surya Shekhar"]
[Result "1/2-1/2"]
[WhiteElo "2375"]
[BlackElo "2562"]
[EventDate "2005.10.05"]
[PlyCount "46"]

1.d4 Nf6 2.Nf3 g6 3.c4 Bg7 4.Nc3 d5 5.cxd5 Nxd5 6.e4 Nxc3 7.bxc3 c5 8.Be2 
O-O 9.Rb1 b6 10.Be3 Bb7 11.Qd3 Qd7 12.O-O Qa4 13.d5 Ba6 14.c4 Qxa2 15.e5 
Qa4 16.Bf4 e6 17.d6 Bb7 18.Rfe1 Qd7 19.h4 Nc6 20.h5 Rfe8 21.Bd1 Na5 22.
hxg6 hxg6 23.Ba4 Bc6 1/2-1/2

[Event "5th Asia-ch"]
[Site "Hyderabad IND"]
[Date "2005.10.07"]
[Round "2"]
[White "Sadvakasov, Darmen"]
[Black "Kidambi, Sundararajan"]
[Result "1/2-1/2"]
[WhiteElo "2612"]
[BlackElo "2497"]
[EventDate "2005.10.05"]
[PlyCount "105"]

1.e4 c6 2.d4 d5 3.Nd2 dxe4 4.Nxe4 Nd7 5.Ng5 Ngf6 6.Bd3 e6 7.N1f3 Bd6 8.Qe2
h6 9.Ne4 Nxe4 10.Qxe4 Qc7 11.Qg4 Kf8 12.Be3 Nf6 13.Qh4 b6 14.O-O-O Nd5 15.
Kb1 c5 16.Be4 c4 17.Bd2 Bb7 18.Ne5 Rc8 19.c3 Qe7 20.Qxe7+ Kxe7 21.Rde1 
Rhd8 22.h4 Rc7 23.Kc2 Bxe5 24.dxe5 Ke8 25.h5 Ne7 26.Bxb7 Rxb7 27.Re4 Rbd7 
28.Bc1 b5 29.g4 Rd3 30.Re3 a6 31.Rhe1 R8d5 32.b3 Rxe3 33.Rxe3 g6 34.bxc4 
bxc4 35.Re4 gxh5 36.gxh5 Nf5 37.Rxc4 Rxe5 38.Rc8+ Kd7 39.Rh8 Re2+ 40.Kb3 
Rxf2 41.Bxh6 Nxh6 42.Rxh6 Rh2 43.Rh7 Ke7 44.h6 e5 45.c4 e4 46.Rh8 e3 47.
Kc3 Rxa2 48.h7 Rh2 49.c5 Kd7 50.Kd3 e2 51.Kd2 a5 52.Ra8 Rxh7 53.Rxa5 
1/2-1/2

[Event "5th Asia-ch"]
[Site "Hyderabad IND"]
[Date "2005.10.07"]
[Round "2"]
[White "Bakre, Tejas"]
[Black "Zhang Zhong"]
[Result "0-1"]
[WhiteElo "2484"]
[BlackElo "2598"]
[EventDate "2005.10.05"]
[PlyCount "90"]

1.e4 e5 2.Nf3 Nc6 3.Bb5 a6 4.Bxc6 dxc6 5.O-O Qd6 6.Na3 Qe6 7.b3 Ne7 8.Nc4 
Ng6 9.d4 exd4 10.Nxd4 Qg4 11.Bb2 f6 12.h3 Qxd1 13.Raxd1 Bd7 14.f4 c5 15.
Ne2 b5 16.Ne3 O-O-O 17.f5 Ne7 18.Nf4 Nc6 19.Ned5 Re8 20.Rfe1 Nd4 21.c3 Nc6
22.Nh5 c4 23.bxc4 bxc4 24.Bc1 Ne5 25.Nhf4 Ba4 26.Rd4 Bc5 27.Ne6 Rxe6 28.
fxe6 Nd3 29.Rf1 Re8 30.e7 Bc6 31.Be3 Bxd4 32.Bxd4 Bxd5 33.exd5 Rxe7 34.g4 
Re4 35.Rf3 h6 36.Re3 Rxe3 37.Bxe3 Kd7 38.Kg2 Kd6 39.Kf3 Kxd5 40.Bd2 Ke5 
41.Be3 Ne1+ 42.Ke2 Ke4 43.Bc5 Nd3 44.Bf8 Nf4+ 45.Kd2 Ne6 0-1

[Event "5th Asia-ch"]
[Site "Hyderabad IND"]
[Date "2005.10.07"]
[Round "2"]
[White "Bin Sattar, Reefat"]
[Black "Ghaem Maghami, Ehsan"]
[Result "1-0"]
[WhiteElo "2484"]
[BlackElo "2586"]
[EventDate "2005.10.05"]
[PlyCount "87"]

1.e4 c5 2.Nf3 d6 3.d4 cxd4 4.Nxd4 Nf6 5.Nc3 a6 6.Be3 e5 7.Nb3 Be6 8.f3 Be7
9.Qd2 O-O 10.O-O-O Qc7 11.g4 Rc8 12.g5 Nh5 13.Nd5 Bxd5 14.exd5 Nd7 15.Bh3 
a5 16.Qd3 a4 17.Nd2 Nf4 18.Bxf4 exf4 19.Bxd7 Qxd7 20.h4 Ra5 21.Ne4 Qb5 22.
Qxb5 Rxb5 23.Rd4 Ra5 24.a3 Ra6 25.Rb4 Rc7 26.Rd1 h6 27.Rdd4 hxg5 28.hxg5 
Kh7 29.Rdc4 Rd7 30.Rxa4 Rxa4 31.Rxa4 Kg6 32.Rb4 Kf5 33.c4 Ke5 34.Kd2 Kd4 
35.Nc3 Ke5 36.Ne4 Kd4 37.b3 Bd8 38.Ra4 f5 39.gxf6 Bxf6 40.c5+ Kxd5 41.cxd6
b6 42.Nxf6+ gxf6 43.Kd3 f5 44.Rxf4 1-0

[Event "5th Asia-ch"]
[Site "Hyderabad IND"]
[Date "2005.10.07"]
[Round "2"]
[White "Djao Thien Hai"]
[Black "Barua, Dibyendu"]
[Result "1-0"]
[WhiteElo "2581"]
[BlackElo "2475"]
[EventDate "2005.10.05"]
[PlyCount "83"]

1.d4 d5 2.c4 e6 3.Nc3 Nf6 4.cxd5 exd5 5.Bg5 c6 6.e3 Bf5 7.Qf3 Bg6 8.Bxf6 
Qxf6 9.Qxf6 gxf6 10.Nf3 Nd7 11.Be2 Bh5 12.Nh4 Bxe2 13.Kxe2 Nb6 14.Rhc1 
O-O-O 15.g3 Kb8 16.b3 Ba3 17.Rc2 Rhe8 18.Nf5 Nc8 19.Rb1 Bf8 20.Na4 Nd6 21.
Nxd6 Bxd6 22.b4 Rc8 23.Rb3 b6 24.Nb2 Kc7 25.Nd3 Kd7 26.a4 Rb8 27.Kf3 Rb7 
28.h4 Rbb8 29.Rbc3 Rbc8 30.Rc1 Rc7 31.Kg4 Rcc8 32.Kf5 Re6 33.b5 Be7 34.Nf4
Rd6 35.f3 Bd8 36.Nd3 Rc7 37.Nb4 cxb5 38.axb5 Rxc3 39.Rxc3 Bc7 40.Na6 Bd8 
41.Nb8+ Ke8 42.Rc8 1-0

[Event "5th Asia-ch"]
[Site "Hyderabad IND"]
[Date "2005.10.07"]
[Round "2"]
[White "Hossain, Enamul"]
[Black "Kunte, Abhijit"]
[Result "1/2-1/2"]
[WhiteElo "2476"]
[BlackElo "2553"]
[EventDate "2005.10.05"]
[PlyCount "36"]

1.e4 e5 2.Nf3 Nc6 3.Bb5 Nf6 4.O-O Nxe4 5.d4 Nd6 6.Bxc6 dxc6 7.dxe5 Nf5 8.
Qxd8+ Kxd8 9.Nc3 Ne7 10.h3 Ng6 11.b3 h6 12.Bb2 Bd7 13.Rad1 Kc8 14.Ne4 c5 
15.Nc3 b6 16.Nd5 a5 17.a4 Be6 18.c4 Kb7 1/2-1/2

[Event "5th Asia-ch"]
[Site "Hyderabad IND"]
[Date "2005.10.07"]
[Round "2"]
[White "Nguyen Anh Dung"]
[Black "Venkatesh, M. R."]
[Result "1/2-1/2"]
[WhiteElo "2551"]
[BlackElo "2431"]
[EventDate "2005.10.05"]
[PlyCount "56"]

1.d4 Nf6 2.c4 e6 3.Nf3 b6 4.Bg5 Bb7 5.e3 Be7 6.Nc3 O-O 7.Bd3 d5 8.O-O Nbd7
9.Qe2 Ne4 10.Bf4 Ndf6 11.Rfd1 dxc4 12.Bxc4 Nxc3 13.bxc3 Nd5 14.Rac1 Ba3 
15.Rc2 Nxf4 16.exf4 Qf6 17.g3 Qf5 18.Ne5 Qe4 19.Qxe4 Bxe4 20.Re2 Bb7 21.
Bb5 Rad8 22.Bc6 Ba6 23.Red2 f6 24.Ng4 Rd6 25.Ba4 Rfd8 26.Ne3 c5 27.Bb3 Kf8
28.Nc4 Bxc4 1/2-1/2

[Event "5th Asia-ch"]
[Site "Hyderabad IND"]
[Date "2005.10.07"]
[Round "2"]
[White "Sandipan, Chanda"]
[Black "Al-Rakib, Abdullah"]
[Result "1/2-1/2"]
[WhiteElo "2560"]
[BlackElo "2466"]
[EventDate "2005.10.05"]
[PlyCount "103"]

1.e4 e5 2.Nf3 Nc6 3.Bb5 a6 4.Ba4 Nf6 5.O-O Be7 6.Re1 b5 7.Bb3 d6 8.c3 O-O 
9.d4 Bg4 10.Be3 exd4 11.cxd4 d5 12.e5 Ne4 13.Nc3 Nxc3 14.bxc3 Qd7 15.a4 
Na5 16.Bc2 Nc4 17.h3 Bh5 18.Qb1 Bg6 19.Bxg6 fxg6 20.axb5 Qxb5 21.Bg5 Qxb1 
22.Rexb1 Rxf3 23.Bxe7 Rxc3 24.Rb7 Nd2 25.Rd1 Rc2 26.e6 h6 27.Bc5 Re8 28.e7
Ne4 29.Rxc7 Kf7 30.Rd3 Rc1+ 31.Kh2 Rh1+ 32.Kxh1 Nxf2+ 33.Kh2 Nxd3 34.Bd6 
Nb2 35.Ra7 Nc4 36.Rxa6 Nxd6 37.Rxd6 Rxe7 38.Rxd5 g5 39.Kg3 Re3+ 40.Kf2 Rd3
41.Rd7+ Kf6 42.d5 g6 43.Rd6+ Kf7 44.Ke2 Rg3 45.Kf1 h5 46.Kf2 h4 47.Rd7+ 
Kf6 48.d6 Ke6 49.Rd8 Rd3 50.Rg8 Kf7 51.Rd8 Ke6 52.Rg8 1/2-1/2

[Event "5th Asia-ch"]
[Site "Hyderabad IND"]
[Date "2005.10.07"]
[Round "2"]
[White "Kaiumov, Sergei"]
[Black "Megaranto, Susanto"]
[Result "1/2-1/2"]
[WhiteElo "2436"]
[BlackElo "2530"]
[EventDate "2005.10.05"]
[PlyCount "85"]

1.e4 e6 2.d4 d5 3.Nc3 Nf6 4.Bg5 Be7 5.e5 Nfd7 6.Bxe7 Qxe7 7.f4 a6 8.Nf3 c5
9.Qd2 Nc6 10.g3 b5 11.Bg2 Bb7 12.O-O O-O 13.Ne2 Nb6 14.b3 a5 15.dxc5 Qxc5+
16.Ned4 b4 17.Kh1 Ba6 18.Rfe1 Nxd4 19.Nxd4 g6 20.g4 Qc3 21.Qf2 Nd7 22.Rad1
Rac8 23.f5 Rfe8 24.f6 g5 25.h4 Nf8 26.hxg5 Ng6 27.Re3 Qb2 28.Rh3 Rc3 29.
Bf3 Rd3 30.Rxh7 Rxd1+ 31.Bxd1 Qc1 32.Rg7+ Kf8 33.Qg1 Qf4 34.Bf3 Qxe5 35.
Nc6 Qc3 36.Qf2 Bb7 37.Bg2 Bxc6 38.Rxg6 fxg6 39.Qh4 Qa1+ 40.Kh2 Qe5+ 41.Kh1
Qa1+ 42.Kh2 Qe5+ 43.Kh1 1/2-1/2

[Event "5th Asia-ch"]
[Site "Hyderabad IND"]
[Date "2005.10.07"]
[Round "2"]
[White "Wu Wenjin"]
[Black "Ravi, Lanka"]
[Result "0-1"]
[WhiteElo "2523"]
[BlackElo "2419"]
[EventDate "2005.10.05"]
[PlyCount "102"]

1.e4 c6 2.Nc3 d5 3.Nf3 Bg4 4.h3 Bxf3 5.Qxf3 e6 6.a3 Nd7 7.d4 dxe4 8.Nxe4 
Ndf6 9.Be3 Nxe4 10.Qxe4 Nf6 11.Qd3 Qc7 12.g3 Qa5+ 13.Qd2 Qxd2+ 14.Bxd2 
O-O-O 15.Bg2 Rxd4 16.Be3 Ra4 17.Ke2 Be7 18.Rhc1 Nd5 19.Bd2 Bf6 20.Ra2 c5 
21.b3 Ra6 22.c3 Rd8 23.Be4 Rad6 24.h4 h5 25.Rac2 g6 26.Ke1 R8d7 27.Bg2 Kd8
28.Bf1 Ke7 29.b4 cxb4 30.axb4 Nc7 31.b5 a5 32.c4 b6 33.Bxa5 bxa5 34.c5 Rd4
35.c6 Re4+ 36.Be2 Rdd4 37.b6 Kd6 38.Kf1 Rb4 39.bxc7 Kxc7 40.Rc5 Rb2 41.Bf3
Reb4 42.Rd1 Bd4 43.Rxd4 Rxd4 44.Rxa5 Rdd2 45.Ra7+ Kd6 46.Rd7+ Ke5 47.Rxf7 
Rxf2+ 48.Ke1 Rfc2 49.Kd1 Rc4 50.Rd7 Ra4 51.Ke1 Ra1+ 0-1

[Event "5th Asia-ch"]
[Site "Hyderabad IND"]
[Date "2005.10.07"]
[Round "2"]
[White "Sivanandan, B. S."]
[Black "Iuldachev, Saidali"]
[Result "1/2-1/2"]
[WhiteElo "2467"]
[BlackElo "2543"]
[EventDate "2005.10.05"]
[PlyCount "97"]

1.Nf3 Nf6 2.b3 d5 3.Bb2 Bf5 4.g3 e6 5.Bg2 Be7 6.d3 h6 7.Nbd2 Bh7 8.O-O O-O
9.Qe1 c5 10.e4 Nc6 11.Qe2 Qc7 12.exd5 exd5 13.Rfe1 Nd7 14.Nf1 Bf6 15.Bxf6 
Nxf6 16.Qd2 Rad8 17.a3 c4 18.b4 b5 19.Re2 Bg6 20.h3 Ne4 21.Qe1 Ng5 22.Nxg5
hxg5 23.Qc3 Qb6 24.dxc4 dxc4 25.Bxc6 Qxc6 26.Rae1 Rfe8 27.Rxe8+ Rxe8 28.
Rxe8+ Qxe8 29.Qe3 Qd7 30.c3 f6 31.Nd2 Kh7 32.Kh2 Qd6 33.Nf3 Qd1 34.Nd4 a6 
35.Ne6 Bf7 36.Qe4+ Kh6 37.Nd4 Bg6 38.Qe3 Kh7 39.Ne6 Qd6 40.Nd4 Bf7 41.Qe4+
g6 42.Qb7 Kg7 43.Qe4 Qd7 44.Qg4 Qd5 45.Qf3 Qd6 46.Qe4 Qd7 47.Qg4 Qe7 48.
Qe2 Qd7 49.Qg4 1/2-1/2

[Event "5th Asia-ch"]
[Site "Hyderabad IND"]
[Date "2005.10.07"]
[Round "2"]
[White "Himanshu, Sharma"]
[Black "Li Shilong"]
[Result "1/2-1/2"]
[WhiteElo "2391"]
[BlackElo "2510"]
[EventDate "2005.10.05"]
[PlyCount "99"]

1.e4 g6 2.d4 Bg7 3.Nf3 d6 4.Be2 Nf6 5.Nc3 O-O 6.O-O Bg4 7.Be3 Nc6 8.d5 
Bxf3 9.Bxf3 Ne5 10.Be2 c6 11.f4 Ned7 12.Bf3 Qc7 13.g4 Nb6 14.Bd4 c5 15.Bf2
a6 16.Qe2 Nfd7 17.Kg2 e6 18.Rad1 exd5 19.Nxd5 Nxd5 20.Rxd5 Nb6 21.Rd3 c4 
22.Rdd1 Bxb2 23.Qd2 c3 24.Bxb6 Qxb6 25.Qxd6 Qa5 26.e5 Rad8 27.Qe7 Rd2+ 28.
Rf2 Rxd1 29.Bxd1 Qd8 30.Qxd8 Rxd8 31.Be2 Bc1 32.f5 g5 33.e6 Kf8 34.exf7 
Rd4 35.Bf3 b5 36.Re2 Kxf7 37.h3 Bf4 38.Kf2 Bd6 39.Bb7 a5 40.Bc6 b4 41.Ba4 
Rd2 42.Kf3 Rxe2 43.Kxe2 Kf6 44.Kf3 Ke5 45.Bb3 Be7 46.Ke3 Bf6 47.Ba4 Bd8 
48.Bb3 Bb6+ 49.Kf3 Bd4 50.Ba4 1/2-1/2

[Event "5th Asia-ch"]
[Site "Hyderabad IND"]
[Date "2005.10.07"]
[Round "2"]
[White "Neelotpal, Das"]
[Black "Parikh, Valay"]
[Result "1-0"]
[WhiteElo "2509"]
[BlackElo "2372"]
[EventDate "2005.10.05"]
[PlyCount "130"]

1.e4 c6 2.d4 d5 3.Nd2 dxe4 4.Nxe4 Nd7 5.Bc4 Ngf6 6.Ng5 e6 7.Qe2 Nb6 8.Bb3 
h6 9.N5f3 a5 10.a4 c5 11.Bf4 Bd7 12.dxc5 Bxc5 13.Ne5 Nbd5 14.Bd2 Bc6 15.
Ngf3 Qc7 16.Nxc6 bxc6 17.O-O O-O 18.Ne5 Nd7 19.Nxd7 Qxd7 20.Rad1 Qc7 21.
Bc1 Rab8 22.g3 Rfd8 23.Bc4 Qe7 24.c3 Qf6 25.Bd3 Kf8 26.Bc2 Bb6 27.Rd3 Qe7 
28.Qe4 f5 29.Qf3 Kg8 30.Rd2 Qf6 31.Re2 Rf8 32.Rfe1 Rbe8 33.Bf4 Bc5 34.Be5 
Qe7 35.Kh1 Bd6 36.Bxd6 Qxd6 37.Qd3 Qc5 38.f4 Nc7 39.Bb3 Rb8 40.Ba2 Rfd8 
41.Qc2 Rd6 42.Re5 Qb6 43.Bxe6+ Nxe6 44.Rxe6 Rxe6 45.Rxe6 Qxb2 46.Qxb2 Rxb2
47.Re5 Rb3 48.Rxa5 Rxc3 49.Rxf5 Rc2 50.h4 g6 51.Re5 h5 52.a5 Kf7 53.Kg1 
Kf6 54.Kf1 c5 55.Re2 Rc1+ 56.Re1 Rc3 57.Ra1 Rb3 58.a6 Rb8 59.a7 Ra8 60.Ke2
Ke6 61.Kd3 Kd5 62.Ra5 Kc6 63.Kc4 Kb6 64.Rb5+ Ka6 65.Rb1 Rd8 1-0

[Event "5th Asia-ch"]
[Site "Hyderabad IND"]
[Date "2005.10.07"]
[Round "2"]
[White "Sengupta, Deep"]
[Black "Rahman, Ziaur"]
[Result "0-1"]
[WhiteElo "2400"]
[BlackElo "2570"]
[EventDate "2005.10.05"]
[PlyCount "86"]

1.Nf3 g6 2.g3 Bg7 3.Bg2 Nf6 4.O-O O-O 5.d3 d5 6.Nbd2 c5 7.c3 Nc6 8.e4 e5 
9.exd5 Nxd5 10.Re1 h6 11.h3 Rb8 12.a4 Re8 13.Nc4 Bf5 14.Nh4 Be6 15.Nf3 Qc7
16.Qc2 Rbd8 17.Bd2 Nb6 18.Ne3 Qd7 19.a5 Nc8 20.Ng4 Bxg4 21.hxg4 Qxg4 22.
Be3 b6 23.axb6 axb6 24.Nd2 N8e7 25.Nc4 Nd5 26.Bd2 Qd7 27.Qb3 Kh7 28.Bc1 
Re6 29.Bh3 f5 30.Bg2 Nc7 31.f4 exf4 32.Bxf4 Rde8 33.Rxe6 Rxe6 34.Nd2 Re7 
35.Nf1 Ne6 36.Ra8 Nxf4 37.gxf4 h5 38.Qc4 Re2 39.Qa6 Ne7 40.Ra7 Qd6 41.Qc4 
Qf6 42.d4 Rxb2 43.Ra2 b5 0-1

[Event "5th Asia-ch"]
[Site "Hyderabad IND"]
[Date "2005.10.07"]
[Round "2"]
[White "Lukey, Stephen"]
[Black "Dzhumaev, Marat"]
[Result "0-1"]
[WhiteElo "2286"]
[BlackElo "2507"]
[EventDate "2005.10.05"]
[PlyCount "100"]

1.d4 f5 2.Nf3 Nf6 3.g3 g6 4.Bg2 Bg7 5.O-O O-O 6.c4 d6 7.Nc3 Qe8 8.d5 Na6 
9.Rb1 c6 10.dxc6 bxc6 11.b4 Bd7 12.a3 Ng4 13.Bb2 f4 14.Ne4 Bxb2 15.Rxb2 
fxg3 16.hxg3 Nc7 17.b5 c5 18.a4 Bf5 19.Nh4 Qf7 20.Ng5 Qf6 21.Qc1 Rab8 22.
Rb3 h6 23.Ne4 Qe6 24.Nd2 Qf7 25.Nxf5 gxf5 26.Bh3 Ne6 27.Nf3 Qg7 28.Qd2 Rf6
29.a5 Kh8 30.b6 axb6 31.axb6 f4 32.Bxg4 Qxg4 33.Nh2 Qh3 34.Rfb1 Nd4 35.Rd3
fxg3 36.Rxg3 Qf5 37.e4 Qh5 38.Kg2 Ne2 39.Qe3 Nxg3 40.fxg3 Qg6 41.Nf3 Re6 
42.Nd2 h5 43.Qf4 Rf6 44.Qh4 Kg7 45.b7 Rf7 46.Qh3 e6 47.Rb6 Rd7 48.Qh1 
Rbxb7 49.Ra6 Rb2 50.Qe1 Qg5 0-1

[Event "5th Asia-ch"]
[Site "Hyderabad IND"]
[Date "2005.10.07"]
[Round "2"]
[White "Laxman, Rajaram"]
[Black "Yu Shaoteng"]
[Result "1/2-1/2"]
[WhiteElo "2404"]
[BlackElo "2516"]
[EventDate "2005.10.05"]
[PlyCount "122"]

1.Nf3 Nf6 2.c4 e6 3.Nc3 Bb4 4.Qc2 O-O 5.a3 Bxc3 6.Qxc3 b6 7.g3 Bb7 8.Bg2 
d5 9.cxd5 Nxd5 10.Qc2 c5 11.O-O Nc6 12.b3 Rc8 13.Bb2 Nf6 14.Qc3 Qd5 15.Qe3
Rfd8 16.Bxf6 gxf6 17.Qh6 Qf5 18.Rac1 Qg6 19.Qe3 Qg7 20.Rc4 Ne7 21.Nh4 Bxg2
22.Kxg2 Qg5 23.Qxg5+ fxg5 24.Nf3 f6 25.h4 h6 26.Rfc1 Kf7 27.hxg5 hxg5 28.
Rh1 e5 29.d3 Rh8 30.Rxh8 Rxh8 31.Nd2 Ke6 32.g4 Nc8 33.Rc1 Nd6 34.Nc4 Nb5 
35.f3 Nd4 36.e3 Nxb3 37.Rc3 b5 38.Rxb3 bxc4 39.dxc4 Rd8 40.Rb5 Rd3 41.Ra5 
Rxe3 42.Ra6+ Kf7 43.Rxa7+ Kg6 44.Ra5 e4 45.fxe4 Rxe4 46.Rxc5 Rxg4+ 47.Kf2 
Rf4+ 48.Ke3 Rf1 49.Rc8 Ra1 50.Ra8 Rc1 51.Kd4 g4 52.Rg8+ Kf5 53.c5 Kf4 54.
Kd5 g3 55.c6 Kf3 56.Rf8 g2 57.Rxf6+ Ke3 58.Rg6 g1=Q 59.Rxg1 Rxg1 60.c7 Rc1
61.Kd6 Rd1+ 1/2-1/2

[Event "5th Asia-ch"]
[Site "Hyderabad IND"]
[Date "2005.10.07"]
[Round "2"]
[White "Zhou Jianchao"]
[Black "Das, Arghyadip"]
[Result "1-0"]
[WhiteElo "2516"]
[BlackElo "2411"]
[EventDate "2005.10.05"]
[PlyCount "100"]

1.d4 d5 2.c4 c6 3.Nc3 Nf6 4.e3 g6 5.Nf3 Bg7 6.Qb3 O-O 7.Bd2 Qb6 8.Qa3 Qd8 
9.cxd5 cxd5 10.Bb5 Be6 11.O-O Nbd7 12.Ne2 a6 13.Bd3 Bf5 14.Bxf5 gxf5 15.
Rfc1 Re8 16.Nf4 e6 17.Ba5 b6 18.Bb4 Ne4 19.Qd3 Qb8 20.Rc2 Qb7 21.Rac1 Rac8
22.a4 Nef6 23.g3 Rc4 24.Bd6 Rec8 25.b3 Rxc2 26.Rxc2 Ne8 27.Ba3 Rxc2 28.
Qxc2 Qc7 29.Qd3 Qc8 30.Nh5 Bf8 31.Bxf8 Kxf8 32.Qd2 Qc7 33.Qe2 Qc8 34.Ne5 
Ke7 35.Nf4 Ndf6 36.f3 Nd6 37.Qd2 a5 38.h3 Nd7 39.Ned3 Qc7 40.g4 Nf8 41.b4 
axb4 42.Qxb4 fxg4 43.hxg4 Ng6 44.Kf2 Nxf4 45.Nxf4 Qc4 46.Qxb6 Qxa4 47.Qc7+
Qd7 48.Qc2 f5 49.Qb1 Qc6 50.g5 Nf7 1-0

[Event "5th Asia-ch"]
[Site "Hyderabad IND"]
[Date "2005.10.07"]
[Round "2"]
[White "Wang Rui"]
[Black "Suvrajit, Saha"]
[Result "1-0"]
[WhiteElo "2474"]
[BlackElo "2378"]
[EventDate "2005.10.05"]
[PlyCount "150"]

1.d4 d5 2.Nf3 Nf6 3.c4 c6 4.Nc3 dxc4 5.a4 Bf5 6.Nh4 Bc8 7.e3 e5 8.Bxc4 
exd4 9.exd4 Bd6 10.h3 Qe7+ 11.Qe2 Qxe2+ 12.Kxe2 h6 13.Re1 O-O 14.Kf1 Rd8 
15.a5 Na6 16.Ng6 Nc7 17.Ne7+ Kf8 18.Nxc8 Raxc8 19.Rd1 a6 20.Na4 Ncd5 21.
Bd2 Ne4 22.Be1 Rc7 23.Rac1 Re7 24.Bxd5 cxd5 25.Nb6 Bf4 26.Rc2 Kg8 27.g3 
Bb8 28.Nxd5 Rxd5 29.Rc8+ Kh7 30.Rxb8 Red7 31.Rc8 Nc5 32.Rc1 Nd3 33.R1c7 
Rxd4 34.Bc3 R4d5 35.Rxd7 Rxd7 36.Rc4 f6 37.Rd4 Ne5 38.Ke2 Kg6 39.Ke3 Re7 
40.Re4 Kf7 41.f3 Nc6 42.g4 g6 43.Kd3 Rxe4 44.Kxe4 Ke6 45.Bd2 h5 46.gxh5 
gxh5 47.Bc3 Nb8 48.Kd4 Nd7 49.Kc4 Kd6 50.Kd4 Ke6 51.f4 Kf5 52.Kd5 Kxf4 53.
Kd6 Ne5 54.Kc7 Ke4 55.Kxb7 f5 56.Kxa6 f4 57.Kb5 f3 58.Be1 Nd3 59.a6 Nxe1 
60.a7 f2 61.a8=Q+ Ke3 62.Qe8+ Kd2 63.Qf7 Nd3 64.Qf3 h4 65.b4 Ke1 66.Qe3+ 
Kf1 67.Qxd3+ Kg2 68.Qe4+ Kg1 69.Qg4+ Kh2 70.Qf4+ Kg2 71.Kc5 f1=Q 72.Qxf1+ 
Kxf1 73.b5 Kg2 74.b6 Kxh3 75.b7 Kg2 1-0

[Event "5th Asia-ch"]
[Site "Hyderabad IND"]
[Date "2005.10.07"]
[Round "2"]
[White "Kazhgaleyev, Murtas"]
[Black "Pg Mohd Omar, Ak Hirawan"]
[Result "1-0"]
[WhiteElo "2602"]
[BlackElo "2299"]
[EventDate "2005.10.05"]
[PlyCount "65"]

1.d4 Nf6 2.c4 g6 3.Nc3 d5 4.Nf3 Bg7 5.Qb3 dxc4 6.Qxc4 O-O 7.e4 a6 8.Be2 b5
9.Qb3 c5 10.dxc5 Nbd7 11.e5 Nxc5 12.Qb4 Nfd7 13.O-O Bb7 14.Rd1 Qc7 15.Be3 
Rac8 16.Nd5 Bxd5 17.Rxd5 e6 18.Rxc5 Nxc5 19.Rc1 Nd3 20.Qxf8+ Kxf8 21.Rxc7 
Rxc7 22.Bxd3 Rd7 23.Bc2 Ke8 24.Kf1 Rd5 25.Ke2 Rd7 26.a4 Rb7 27.a5 f5 28.
Bb3 Kd7 29.Bb6 Rb8 30.Kd3 h6 31.Bc5 Bf8 32.Bxf8 Rxf8 33.Nd4 1-0

[Event "5th Asia-ch"]
[Site "Hyderabad IND"]
[Date "2005.10.07"]
[Round "2"]
[White "Kotsur, Pavel"]
[Black "Sharbaf, Mohsen"]
[Result "1/2-1/2"]
[WhiteElo "2587"]
[BlackElo "2387"]
[EventDate "2005.10.05"]
[PlyCount "82"]

1.e4 c5 2.Nf3 Nc6 3.d4 cxd4 4.Nxd4 Nf6 5.Nc3 e5 6.Ndb5 d6 7.Bg5 a6 8.Na3 
b5 9.Bxf6 gxf6 10.Nd5 Bg7 11.Bd3 Ne7 12.Nxe7 Qxe7 13.O-O f5 14.c4 O-O 15.
Qf3 bxc4 16.Nxc4 d5 17.exd5 e4 18.Qe3 Bb7 19.d6 Qh4 20.g3 Qh3 21.Be2 Bh6 
22.Qb6 Rab8 23.Ne3 Bd5 24.Qd4 Be6 25.Ng2 Bg7 26.Qa4 Rxb2 27.Bc4 e3 28.Nxe3
f4 29.gxf4 Bd7 30.Qa5 Bd4 31.Qd5 Rxf2 32.Rxf2 Qxe3 33.Rf1 Kh8 34.Kh1 Be6 
35.Qc6 Qc3 36.Bd5 Bxd5+ 37.Qxd5 Bxf2 38.Rxf2 Qe1+ 39.Kg2 Rg8+ 40.Kh3 Qxf2 
41.Qe5+ Rg7 1/2-1/2

[Event "5th Asia-ch"]
[Site "Hyderabad IND"]
[Date "2005.10.07"]
[Round "2"]
[White "Koneru, Humpy"]
[Black "Roktim, Bandyopadhyay"]
[Result "1-0"]
[WhiteElo "2540"]
[BlackElo "2380"]
[EventDate "2005.10.05"]
[PlyCount "117"]

1.d4 Nf6 2.c4 e6 3.Nf3 Bb4+ 4.Nbd2 b6 5.e3 Bb7 6.Bd3 O-O 7.O-O Bxd2 8.Nxd2
d6 9.b3 e5 10.d5 Nbd7 11.e4 c6 12.Qe2 a6 13.Bb2 Nc5 14.f4 Re8 15.fxe5 dxe5
16.Bc2 Ncd7 17.Rf2 b5 18.Nf1 bxc4 19.bxc4 Rb8 20.Bc1 cxd5 21.exd5 e4 22.
Bf4 Rc8 23.Ne3 Qa5 24.Rb1 Ba8 25.Nf5 e3 26.Rff1 Rcd8 27.Nd6 Re7 28.Bg5 Qc5
29.Nf5 Re5 30.Bf4 Ree8 31.Bxe3 Qa5 32.Qd2 Qxd2 33.Bxd2 Re2 34.Ba5 Rde8 35.
Nd4 R2e3 36.Bd2 R3e5 37.Bf4 Rh5 38.Bd1 Rh4 39.Nf5 Rxf4 40.Rxf4 Nc5 41.Bf3 
Nfd7 42.Nd6 Rf8 43.Be2 Ne5 44.Rff1 Rd8 45.Nf5 Kf8 46.g4 g6 47.Nd4 Kg7 48.
Nb3 Ne4 49.Rbc1 Re8 50.Rc2 h6 51.Rd1 f5 52.c5 fxg4 53.c6 Nd6 54.Nd4 h5 55.
Bxa6 Kh6 56.Re2 Ndf7 57.c7 Ng5 58.Rxe5 Nh3+ 59.Kf1 1-0

[Event "5th Asia-ch"]
[Site "Hyderabad IND"]
[Date "2005.10.07"]
[Round "2"]
[White "Moussa, Taleb"]
[Black "Singh, D. P."]
[Result "1/2-1/2"]
[WhiteElo "2510"]
[BlackElo "2368"]
[EventDate "2005.10.05"]
[PlyCount "54"]

1.Nf3 Nf6 2.d4 d5 3.c3 Bf5 4.Bf4 c6 5.Nbd2 e6 6.Qb3 b6 7.c4 a5 8.a3 a4 9.
Qc3 c5 10.Bxb8 Rxb8 11.e3 b5 12.cxd5 Qxd5 13.dxc5 Bxc5 14.Rc1 Bd6 15.Qd4 
b4 16.Bb5+ Ke7 17.Bxa4 Rhc8 18.O-O Bd3 19.Rfd1 Rxc1 20.Rxc1 bxa3 21.bxa3 
Qxd4 22.Nxd4 Rb2 23.Bc2 Bxa3 24.Nb1 Bxc2 25.Nxa3 Bd3 26.Rd1 Ra2 27.Nc6+ 
Kd6 1/2-1/2

[Event "5th Asia-ch"]
[Site "Hyderabad IND"]
[Date "2005.10.07"]
[Round "2"]
[White "Gonzales, Jayson"]
[Black "Prathamesh, Sunil Mokal"]
[Result "1/2-1/2"]
[WhiteElo "2464"]
[BlackElo "2362"]
[EventDate "2005.10.05"]
[PlyCount "88"]

1.d4 Nf6 2.Nf3 e6 3.c4 b6 4.e3 Bb7 5.Bd3 c5 6.O-O Be7 7.Nc3 cxd4 8.exd4 d6
9.d5 e5 10.Nh4 Bc8 11.Nf5 Bxf5 12.Bxf5 O-O 13.Be3 Ne8 14.f4 g6 15.Bh3 exf4
16.Bxf4 Bg5 17.Bxg5 Qxg5 18.Qa4 f5 19.Rae1 Qd8 20.g4 Ng7 21.gxf5 gxf5 22.
Qa3 a5 23.Nb5 Rf6 24.Nd4 Nd7 25.Nxf5 Nxf5 26.Bxf5 Ne5 27.Qh3 Ra7 28.Kh1 
Kh8 29.Be6 Rg7 30.b3 Rgg6 31.Rxf6 Rxf6 32.Rg1 Rg6 33.Rf1 Rf6 34.Bf5 Qe7 
35.Rg1 Rf8 36.Qg3 Qf6 37.Be4 a4 38.Qh3 h6 39.Qg3 a3 40.h3 Qe7 41.Bf3 Qf6 
42.Be4 Qe7 43.Bf5 Qf6 44.Be4 Qe7 1/2-1/2

[Event "5th Asia-ch"]
[Site "Hyderabad IND"]
[Date "2005.10.07"]
[Round "2"]
[White "Sharma, Dinesh"]
[Black "Deepan Chakravarthy, Jeyakumar"]
[Result "1/2-1/2"]
[WhiteElo "2359"]
[BlackElo "2454"]
[EventDate "2005.10.05"]
[PlyCount "60"]

1.e4 c5 2.Nf3 Nc6 3.d4 cxd4 4.Nxd4 Nf6 5.Nc3 e5 6.Ndb5 d6 7.Bg5 a6 8.Na3 
b5 9.Bxf6 gxf6 10.Nd5 f5 11.c3 Bg7 12.exf5 Bxf5 13.Nc2 O-O 14.Nce3 Bd7 15.
Be2 f5 16.f4 Kh8 17.O-O exf4 18.Nxf4 Qb6 19.Nd5 Qa7 20.Kh1 Rae8 21.a4 b4 
22.Nc4 bxc3 23.bxc3 Be6 24.Ncb6 Ne5 25.Bh5 Bxd5 26.Nxd5 Rb8 27.Rb1 Rxb1 
28.Qxb1 Qc5 29.Nf4 Ng4 30.Ne6 Nf2+ 1/2-1/2

[Event "5th Asia-ch"]
[Site "Hyderabad IND"]
[Date "2005.10.07"]
[Round "2"]
[White "Annaberdiev, Meilis"]
[Black "Saravanan, Venkat"]
[Result "1/2-1/2"]
[WhiteElo "2421"]
[BlackElo "2347"]
[EventDate "2005.10.05"]
[PlyCount "109"]

1.d4 Nf6 2.Nf3 g6 3.Bg5 Bg7 4.Nbd2 O-O 5.e4 c5 6.dxc5 Qa5 7.Bd3 Qxc5 8.O-O
Nc6 9.Nb3 Qb6 10.Qd2 Rd8 11.c4 d6 12.h3 Qc7 13.Rac1 b6 14.Bh6 Bh8 15.Qe3 
Bb7 16.Nbd4 Nxd4 17.Nxd4 Qc5 18.Nf5 Re8 19.Ng3 Qxe3 20.Bxe3 Nd7 21.b3 Nc5 
22.Bb1 Ne6 23.Rfd1 Bb2 24.Rc2 Be5 25.Re2 Bf4 26.Nf1 Bxe3 27.Nxe3 Rac8 28.
Nd5 Kf8 29.g3 Nc5 30.Bc2 Bxd5 31.exd5 a5 32.a3 Rc7 33.Kg2 Ra8 34.h4 a4 35.
b4 Nd7 36.Rd4 Ne5 37.Ree4 f5 38.Rf4 Rac8 39.Bxa4 Rxc4 40.Rxc4 Rxc4 41.Rxc4
Nxc4 42.Bb5 Nxa3 43.Bd3 Kf7 44.Kf3 e5 45.dxe6+ Kxe6 46.Kf4 Kf6 47.h5 b5 
48.Ke3 Ke5 49.f4+ Kd5 50.g4 Nc4+ 51.Ke2 Ke6 52.hxg6 hxg6 53.gxf5+ gxf5 54.
Bc2 Nb6 55.Kd3 1/2-1/2